000 00477nam a2200181Ia 4500
005 20250508151026.0
008 008 250505s9999 xx 000 0 hin d
037 _aTextual
040 _aFEDL
_beng
_cFEDL
041 _ahin
_2hin
084 _a523.4, VAR
_qFEDL
100 _aVarma Ramesh Chandra
245 0 _aChandra lok ki yatra
260 _aAllahabad, India
_bKitab Mahal
300 _a79p.
942 _cTEXL
_h523.4, VAR
999 _c1327128
_d1327128